Introduction to stochastic networks
Saved in:
| Main Author: | |
|---|---|
| Format: | Book |
| Language: | English |
| Published: |
New York :
Springer,
c1999
|
| Series: | Applications of mathematics ;
; 44 |
| Subjects: | |
| Tags: |
Add Tag
No Tags, Be the first to tag this record!
|
MARC
| LEADER | 00000nam a2200000 i 4500 | ||
|---|---|---|---|
| 001 | 1/37337 | ||
| 008 | 030623s1999 eng d | ||
| 020 | |a 0-387-98773-8 | ||
| 035 | |l 10070236 | ||
| 040 | |a GR-MY-UA |b gre |e aacr | ||
| 041 | 0 | |a eng | |
| 082 | 0 | |a 519.82 | |
| 100 | 1 | |a Serfozo, Richard. | |
| 245 | 1 | 0 | |a Introduction to stochastic networks / |c Richard Serfozo |
| 260 | |a New York : |b Springer, |c c1999 | ||
| 300 | |a xiv, 300 p.; |c 24 cm. | ||
| 490 | 1 | |a Applications of mathematics |v ; 44 | |
| 504 | |a Includes bibliographical references and index | ||
| 650 | 0 | 0 | |a Queuing theory. |
| 650 | 0 | 0 | |a Stochastic analysis. |
| 830 | 0 | |a Applications of mathematics ; |v ; 44 | |
| 852 | |a INST |b SAMOS |e 20030623 |h 519.82 SER |p 005300024083 |q 005300024083 |t BK |y 0 | ||
| 901 | |a BIBL3-2003-2 | ||
| 909 | |a Σ |b 104558 | ||
| 922 | |a 3ΕΛΗ |b 200210 |c ΤΣΑΕ |d LEADER | ||
| 950 | |a 184-2002-10-17 | ||
| 970 | |a ΚΟΣΙΕΡΗΣ |b ΧΡΗΣΤΟΣ |z 2003/06/24 | ||